Statistics for Столицы Африки

Click here to take the quiz!

General Stats

  • This quiz has been taken 391 times
  • The average score is 29 of 63

Answer Stats

СтранаСтолица% Correct
АлжирАлжир
97%
ЕгипетКаир
86%
АнголаЛуанда
80%
ДжибутиДжибути
74%
МадагаскарАнтананариву
73%
Гвинея-БисауБисау
72%
ЛивияТриполи
68%
МароккоРабат
68%
ТунисТунис
65%
БенинПорто-Ново
65%
ГанаАккра
62%
КенияНайроби
60%
Буркина-ФасоУагадугу
58%
БотсванаГабороне
58%
ЗимбабвеХараре
57%
Сан-ТомеСан-Томе
57%
СейшелыВиктория
56%
ЭфиопияАддис-Абеба
55%
КонгоБраззавиль
55%
ДР КонгоКиншаса
54%
ЗамбияЛусака
53%
НигерНиамей
53%
СомалиМогадишо
51%
НигерияАбуджа
51%
ГабонЛибревиль
51%
ЛиберияМонровия
51%
Кот-д'ИвуарЯмусукро
50%
КамерунЯунде
49%
БурундиГитега
48%
ЧадНджамена
47%
СенегалДакар
47%
Кабо-вердеПрая
46%
СуданХартум
45%
МозамбикМапуту
45%
МаврикийПорт-Луи
44%
ЭритреяАсмэра
44%
ЦАРБанги
43%
ТогоЛоме
43%
МалиБамако
43%
МавританияНуакшот
43%
ГвинеяКонакри
42%
ЛесотоМасеру
42%
Южный СуданДжуба
42%
Сьерра-ЛеонеФритаун
41%
КоморыМорони
40%
ЮАРКейптаун
39%
РуандаКигали
39%
Экв. ГвинеяМалабо
38%
НамибияВиндхук
38%
МалавиЛилонгве
38%
ГамбияБанжул
36%
УгандаКампала
35%
ЭсватиниМбабанэ
26%
Западная СахараЭль-Аюн
21%
Танзания
(две столицы через и)
Дар-эс-Салам и Додома
18%
СеутаСеута
15%
о-ва Святой Елены...Джеймстаун
12%
СомалилендХаргейса
10%
РеюньонСан-Дени
9%
МайоттаМамудзу
9%
Канарские о-ва
(две столицы через и)
Лас-Пальмас-де-Гран-Канария и Санта-Крус-де-Тенерифе
8%
АмбазонияБуэа
8%
МадейраФуншал
5%

Score Distribution

Percentile by Number Answered

Percent of People with Each Score

Your Score History

You have not taken this quiz